Snakes and other reptiles / (Record no. 4204)
[ view plain ]
| 000 -LEADER | |
|---|---|
| fixed length control field | 01442cam a2200337 a 4500 |
| 001 - CONTROL NUMBER | |
| control field | 4204 |
| 003 - CONTROL NUMBER IDENTIFIER | |
| control field | FISKH |
| 005 - DATE AND TIME OF LATEST TRANSACTION | |
| control field | 20240701103744.0 |
| 008 - FIXED-LENGTH DATA ELEMENTS--GENERAL INFORMATION | |
| fixed length control field | 100323s2011 nyua j 001 0 eng |
| 010 ## - LIBRARY OF CONGRESS CONTROL NUMBER | |
| LC control number | 2010009459 |
| 020 ## - INTERNATIONAL STANDARD BOOK NUMBER | |
| International Standard Book Number | 9780375860119 (trade) |
| 020 ## - INTERNATIONAL STANDARD BOOK NUMBER | |
| International Standard Book Number | 9780545384865 |
| 020 ## - INTERNATIONAL STANDARD BOOK NUMBER | |
| International Standard Book Number | 9780375960116 (lib. bdg.) |
| 040 ## - CATALOGING SOURCE | |
| Original cataloging agency | DLC |
| Transcribing agency | DLC |
| Language of cataloging | eng |
| 050 ## - LIBRARY OF CONGRESS CALL NUMBER | |
| Classification number | QL666.O6 |
| 082 ## - DEWEY DECIMAL CLASSIFICATION NUMBER | |
| Classification number | 597.9 |
| 100 1# - MAIN ENTRY--PERSONAL NAME | |
| Personal name | Osborne, Mary Pope. |
| 245 10 - TITLE STATEMENT | |
| Title | Snakes and other reptiles / |
| Statement of responsibility, etc. | by Mary Pope Osborne and Natalie Pope Boyce ; illustrated by Sal Murdocca. |
| 250 ## - EDITION STATEMENT | |
| Edition statement | This edition first printing, February 2012 |
| 260 ## - PUBLICATION, DISTRIBUTION, ETC. | |
| Place of publication, distribution, etc. | New York : |
| Name of publisher, distributor, etc. | Scholastic, |
| Date of publication, distribution, etc. | 2011. |
| 300 ## - PHYSICAL DESCRIPTION | |
| Extent | 120 pages : |
| Other physical details | illustrations ; |
| Dimensions | 20 cm |
| 490 0# - SERIES STATEMENT | |
| Series statement | Magic tree house research guide |
| 500 ## - GENERAL NOTE | |
| General note | Includes index. |
| 520 ## - SUMMARY, ETC. | |
| Summary, etc. | When Jack and Annie got back from their adventure in Magic Tree House Merlin Mission #17: A Crazy Day with Cobras, they had lots of questions. Can snakes really be charmed? What reptile has the deadliest venom? What do Komodo dragons eat? How do you tell alligators and crocodiles apart? Find out the answers to these questions and more as Jack and Annie track the facts. |
| 650 #0 - SUBJECT ADDED ENTRY--TOPICAL TERM | |
| Topical term or geographic name entry element | Snakes |
| Form subdivision | Juvenile literature. |
| 650 #0 - SUBJECT ADDED ENTRY--TOPICAL TERM | |
| Topical term or geographic name entry element | Reptiles |
| Form subdivision | Juvenile literature. |
| 700 ## - ADDED ENTRY--PERSONAL NAME | |
| Personal name | Boyce, Natalie Pope |
| Relator term | Author |
| 700 ## - ADDED ENTRY--PERSONAL NAME | |
| Personal name | Murdocca, Sal |
| Relator term | illustrator |
| 906 ## - LOCAL DATA ELEMENT F, LDF (RLIN) | |
| a | 7 |
| b | cbc |
| c | orignew |
| d | 1 |
| e | ecip |
| f | 20 |
| g | y-gencatlg |
| 942 ## - ADDED ENTRY ELEMENTS (KOHA) | |
| Source of classification or shelving scheme | Dewey Decimal Classification |
| Koha item type | Books |
| Suppress in OPAC | No |
| Withdrawn status | Lost status | Source of classification or shelving scheme | Damaged status | Not for loan | Collection | Home library | Current library | Shelving location | Date acquired | Total Checkouts | Full call number | Barcode | Date last seen | Price effective from | Koha item type |
|---|---|---|---|---|---|---|---|---|---|---|---|---|---|---|---|
| Dewey Decimal Classification | Non-Fiction | Footprints International School Library Network Toul Kork Campus | Footprints International School Library Network Toul Kork Campus | A TK Campus, 4th Floor, Room B401, Non-Fiction Bookcases(7-8) | 07/01/2024 | OSB 597.9 QL666.O6 | FISTK00482 | 07/01/2024 | 07/01/2024 | Books |
